[Event "10th Open"]
[Site "Bad Zwesten GER"]
[Date "2006.01.04"]
[Round "4"]
[White "Andersson,U"]
[Black "Struk,J"]
[Result "1/2-1/2"]
[WhiteElo "2565"]
[BlackElo "2254"]

1.Nf3 Nf6 2.c4 e6 3.d4 d5 4.Nc3 Be7 5.Bg5 h6 6.Bh4 O-O 7.e3 b6 8.Bd3 Bb7
9.O-O Nbd7 10.Qe2 Ne4 11.Bg3 c5 12.Rfd1 Nxg3 13.hxg3 cxd4 14.exd4 Nf6 15.Rac1 dxc4
16.Bxc4 a6 17.Bd3 b5 18.Ne4 Nxe4 19.Bxe4 Qb6 20.Ne5 Rad8 21.Nc6 Bxc6 22.Rxc6 Qa7
23.d5 Bc5 24.Rc1 exd5 25.R6xc5 dxe4 26.Qxe4 Rd1+ 27.Rxd1 Qxc5 28.a3 Rc8 29.b4 Qg5
30.Qf3 Rc1 31.Rxc1 Qxc1+ 32.Kh2 Qc8 33.Qd5 g6 34.Qd6 Kg7 35.Qe5+ Kg8 36.Qf6 h5
37.f3 Qb7 38.Kh3 Kh7 39.Kh4 Qa7 40.g4 hxg4 41.Kxg4 Qd7+ 42.Kh4 Qc7 43.Kh3 Qd7+
44.Kg3 Qc7+ 45.f4 Qa7 46.Kf3 Qb7+ 47.Kg3 Qa7 48.Kg4 Qd7+ 49.Kh4 Qb7 50.Kh3 Qd7+
51.Kh2 Qc7 52.Kg3 Qa7  1/2-1/2

[Event "10th Open"]
[Site "Bad Zwesten GER"]
[Date "2006.01.05"]
[Round "5"]
[White "Reschke,S"]
[Black "Andersson,U"]
[Result "1/2-1/2"]
[WhiteElo "2358"]
[BlackElo "2565"]

1.g3 c5 2.c4 g6 3.Bg2 Bg7 4.Nc3 Nc6 5.Nf3 e6 6.a3 Nge7 7.h4 h6 8.b4 d6 9.Rb1 O-O
10.Rg1 Rb8 11.Qc2 b6 12.d3 Bb7 13.e4 Qd7 14.Be3 Nd4 15.Qd2 Kh7 16.Bxd4 cxd4
17.Nb5 Nc6  1/2-1/2

[Event "10th Open"]
[Site "Bad Zwesten GER"]
[Date "2006.01.05"]
[Round "6"]
[White "Andersson,U"]
[Black "Schroeder,Wi"]
[Result "1/2-1/2"]
[WhiteElo "2565"]
[BlackElo "2260"]

1.Nf3 d5 2.d4 c6 3.c4 e6 4.Qc2 Nf6 5.cxd5 exd5 6.Nc3 g6 7.Bg5 Be7 8.e3 Bf5
9.Bd3 Bxd3 10.Qxd3 O-O 11.Bxf6 Bxf6 12.O-O a5 13.a3 Nd7 14.b4 axb4 15.axb4 b5
16.Ne2 Nb6 17.Qc3 Qd6 18.Nf4 Nc4 19.Nd3 Rfe8 20.Nc5 Bg7 21.g3 Qf8 22.Nd2 Rxa1
23.Rxa1 Ra8 24.Ndb3 Qc8 25.Rxa8 Qxa8 26.Qa1 Qxa1+ 27.Nxa1 Kf8 28.g4 Ke7 29.Nc2 Nd2
30.Kg2 Kd6 31.f3 Bh6 32.Kf2 f5 33.h3 Bg7 34.Nd3 Nc4 35.Ke2 Bh6 36.Nde1 Ke6
37.Nd3 Kd6 38.f4 Bf8 39.gxf5 gxf5 40.Nce1 Be7 41.Nf3 h6 42.Nfe5 h5 43.Nc5 Bf6
44.Na6 Be7 45.Kd3 Nb2+ 46.Kd2 Nc4+ 47.Ke2 Bf8 48.Ng6 Bg7 49.Nh4 Ke6 50.Nb8 Bf6
51.Ng6 Kd6 52.Ne5 Kc7 53.Na6+ Kd6 54.Kf3 Nd2+ 55.Kf2 Nc4 56.Nb8 Kc7 57.Nbxc6 Bh4+
58.Ke2 Nxe5 59.Nxe5 Be7 60.Ng6 Kd7  1/2-1/2

[Event "10th Open"]
[Site "Bad Zwesten GER"]
[Date "2006.01.06"]
[Round "7"]
[White "Hetey,L"]
[Black "Andersson,U"]
[Result "1/2-1/2"]
[WhiteElo "2322"]
[BlackElo "2565"]

1.d4 Nf6 2.c4 e6 3.Nc3 Bb4 4.e3 c5 5.Bd3 d5 6.cxd5 Nxd5 7.Ne2 cxd4 8.exd4 Nc6
9.O-O O-O 10.Bc2 Re8 11.Qd3 g6 12.Ne4 Be7 13.a3 b6 14.Rd1 Bb7  1/2-1/2

[Event "10th Open"]
[Site "Bad Zwesten GER"]
[Date "2006.01.07"]
[Round "8"]
[White "Andersson,U"]
[Black "Tereick,B"]
[Result "1-0"]
[WhiteElo "2565"]
[BlackElo "2209"]

1.Nf3 d5 2.d4 Nf6 3.c4 c6 4.Qc2 dxc4 5.Qxc4 Bf5 6.g3 e6 7.Bg2 Be7 8.O-O O-O
9.e3 Nbd7 10.Qe2 Qc7 11.Nc3 Ne4 12.Bd2 e5 13.Nxe4 Bxe4 14.Bc3 exd4 15.Nxd4 Bxg2
16.Kxg2 Bf6 17.Rfd1 Rfe8 18.Rac1 Rad8 19.Nb5 Qb8 20.Rxd7 Rxd7 21.Bxf6 Re6
22.Qg4  1-0

[Event "7th ch-Euro"]
[Site "Kusadasi TUR"]
[Date "2006.04.10"]
[Round "7"]
[White "Esen,B"]
[Black "Andersson,U"]
[Result "1/2-1/2"]
[WhiteElo "2419"]
[BlackElo "2562"]

1.d4 Nf6 2.c4 e6 3.Nf3 Bb4+ 4.Nbd2 b6 5.a3 Bxd2+ 6.Qxd2 O-O 7.e3 Bb7 8.Be2 d6
9.O-O Nbd7 10.b4 a5 11.Bb2 axb4 12.axb4 Qe7 13.Qc2 Rxa1 14.Rxa1 Ra8 15.Rxa8+  1/2-1/2

[Event "NH Hotels"]
[Site "Amsterdam NED"]
[Date "2006.08.19"]
[Round "1"]
[White "Karjakin,Sergey"]
[Black "Andersson,U"]
[Result "1/2-1/2"]
[WhiteElo "2679"]
[BlackElo "2542"]

1.e4 e6 2.d4 d5 3.Nc3 dxe4 4.Nxe4 Nd7 5.Nf3 Ngf6 6.Nxf6+ Nxf6 7.Bd3 c5 8.Be3 Qc7
9.Qe2 Bd7 10.O-O Bd6 11.dxc5 Bxc5 12.Bxc5 Qxc5 13.Ne5 Bc6 14.Nxc6 bxc6 15.Rfe1 O-O
16.Qe5 Qxe5 17.Rxe5 Rfc8 18.Ra5 Kf8 19.Re1 Rc7 20.f4 g6 21.Kf2 Rb8 22.b3 Rd8
23.Kf3 h5 24.g3 Rd5 25.Ra3 Ke7 26.h3 Rd4 27.Ke3 Rd8 28.Ra4 Nd5+ 29.Kf3 Nb6
30.Rae4 c5 31.g4 hxg4+ 32.hxg4 Rh8 33.f5 gxf5 34.gxf5 Rh6 35.fxe6 Rxe6 36.Rxe6+ fxe6
37.Bf5 Rc6 38.Be4 Rc7 39.Bf5  1/2-1/2

[Event "NH Hotels"]
[Site "Amsterdam NED"]
[Date "2006.08.20"]
[Round "2"]
[White "Andersson,U"]
[Black "Smeets,J"]
[Result "1/2-1/2"]
[WhiteElo "2542"]
[BlackElo "2532"]

1.Nf3 d5 2.d4 Nf6 3.c4 c6 4.cxd5 cxd5 5.Nc3 Nc6 6.Bf4 Bf5 7.e3 e6 8.Ne5 Nxe5
9.Bxe5 Nd7 10.Bg3 a6 11.Bd3 Bxd3 12.Qxd3 Be7 13.O-O O-O 14.Rfc1 Rc8 15.Ne2 Qa5
16.Rc3 Rxc3 17.Qxc3 Qb5 18.Kf1 Nb6 19.Qb3 Qxb3 20.axb3 Rc8 21.Rc1 Kf8 22.Rxc8+ Nxc8
23.Ke1 Ke8 24.Nc1 Na7 25.Nd3 Nc6 26.Kd2 Nb4 27.f3 Nxd3 28.Kxd3 Kd7 29.h3 Kc6
30.Be1 Kb5 31.Kc2 Bd6 32.Bf2 Kc6 33.Kd3 Be7 34.Be1 Bg5 35.Bf2 Kb5 36.Kc2 Bf6
37.Bg3 Bg5 38.Bf2 f5 39.f4 Be7 40.Be1 Bf6 41.Bf2 Bd8 42.Be1 Be7 43.Bf2 Bf6
44.Be1 g5 45.fxg5 Bxg5 46.Bf2 h5 47.Kc3 Be7 48.Bg3 Bg5 49.Bf2 Kc6 50.Kd3 Kb6
51.Bg3 Kb5 52.Bf2 Kb4 53.Kc2 Bd8 54.Bg3 Kb5 55.Kd3 Kc6 56.Ke2 a5 57.Kd3 Bc7
58.Be1 Kb5 59.Kc2 Bd6 60.Bh4 Bc7 61.Bf6 Kc6 62.Kd3 Kd7 63.Kc2 Ke8 64.Bh4 Kd7
65.Be1 b6 66.b4 Kc6 67.bxa5 bxa5 68.b3 Kb5 69.Bh4 Bd6 70.Be1 Bc7  1/2-1/2

[Event "NH Hotels"]
[Site "Amsterdam NED"]
[Date "2006.08.21"]
[Round "3"]
[White "Stellwagen,D"]
[Black "Andersson,U"]
[Result "1/2-1/2"]
[WhiteElo "2575"]
[BlackElo "2542"]

1.e4 e6 2.d4 d5 3.Nc3 dxe4 4.Nxe4 Nd7 5.Nf3 Ngf6 6.Bd3 Nxe4 7.Bxe4 Nf6 8.Bg5 c5
9.O-O cxd4 10.Nxd4 Be7 11.Bf3 O-O 12.c4 a6 13.Bf4 Qb6 14.Nb3 Rd8 15.Qe1 Bd7
16.Qa5 Qa7 17.Be3 Qb8 18.Qb6 Bc6 19.Bxc6 bxc6 20.Rfd1 Rc8 21.f3 Qxb6 22.Bxb6 Kf8
23.Rd2 c5 24.Ba5 Ke8 25.Rad1 Ra7 26.Bc3 g6 27.Nc1 Nd7 28.Nd3 Nb8 29.Nf2 Rd7
30.Ne4 Rxd2 31.Rxd2 Rd8 32.Rxd8+ Kxd8 33.g4  1/2-1/2

[Event "NH Hotels"]
[Site "Amsterdam NED"]
[Date "2006.08.26"]
[Round "7"]
[White "Smeets,J"]
[Black "Andersson,U"]
[Result "1-0"]
[WhiteElo "2532"]
[BlackElo "2542"]

1.e4 e6 2.d4 d5 3.Nc3 dxe4 4.Nxe4 Nd7 5.Nf3 Ngf6 6.Bg5 Be7 7.Nxf6+ Nxf6 8.Bd3 c5
9.dxc5 Qa5+ 10.c3 Qxc5 11.Qe2 Bd7 12.Ne5 Bc6 13.O-O-O Nd7 14.Bxe7 Qxe5 15.Ba3 O-O-O
16.f3 Qxe2 17.Bxe2 Nf6 18.c4 a6 19.b3 Rxd1+ 20.Rxd1 Rd8 21.Re1 Nd7 22.Kc2 f6
23.Be7 Re8 24.Bd6 Nf8 25.Bd3 Kd7 26.c5 Ng6 27.Kc3 Nh4 28.Rd1 Kc8 29.Rd2 Nf5
30.Be4 Rd8 31.Kb4 h5 32.Ka5 Bxe4 33.fxe4 Ne7 34.Kb6 Nc6 35.Rb2 e5 36.b4 g6
37.Rf2 f5 38.exf5 gxf5 39.Rxf5 e4 40.Rf7 Rd7 41.Rxd7 Kxd7 42.Kxb7 Nxb4 43.Bf4 a5
44.a4 Nc6 45.h3  1-0

[Event "NH Hotels"]
[Site "Amsterdam NED"]
[Date "2006.08.27"]
[Round "8"]
[White "Andersson,U"]
[Black "Stellwagen,D"]
[Result "1/2-1/2"]
[WhiteElo "2542"]
[BlackElo "2575"]

1.Nf3 f5 2.d4 g6 3.g3 Bg7 4.Bg2 Nf6 5.O-O O-O 6.c4 d6 7.Nc3 Qe8 8.d5 a5 9.Nd4 Na6
10.e4 fxe4 11.Nxe4 Nxe4 12.Bxe4 Bh3 13.Re1 Nc5 14.Bh1 Qf7 15.Be3 Rae8 16.Qd2 b6
17.b3 Kh8 18.Rad1 e5 19.dxe6 Nxe6 20.Bd5 Nxd4 21.Bxd4 Qd7 22.a3 Bxd4 23.Qxd4+ Qg7
24.Qxg7+ Kxg7 25.Bc6 Rxe1+ 26.Rxe1 g5 27.f3 Bf5 28.Kf2 Kf6 29.b4 axb4 30.axb4 Be6
31.Re4 Bf5 32.Rd4 Rf7 33.b5 Re7 34.Bd5 Be6 35.f4 Bxd5 36.fxg5+ Kxg5 37.Rxd5+ Kg6
38.Kf3 Re1 39.h4 h5 40.Rg5+ Kh6 41.g4 hxg4+ 42.Rxg4 Re5 43.Rd4 Rc5 44.Ke4 Kg6
45.Kd3 Rh5 46.Rg4+ Kf6 47.Kd4 Ke6 48.Re4+ Kf6 49.Rg4 Ke6 50.Rf4 Ke7 51.Ke4 Re5+
52.Kf3 d5 53.Rd4 Re1 54.Rxd5 Rc1 55.Rd4 Kf6 56.Ke4 Ke6 57.Kd3 Rd1+ 58.Kc3 Rc1+
59.Kd2 Rh1 60.Re4+ Kf6 61.Ke3 Rc1 62.Rg4 Kf5 63.Rg5+ Kf6 64.Kd4 Rh1 65.Rg4 Ke6
66.Ke4 Re1+ 67.Kf3 Rc1 68.Ke3 Kf5 69.Rd4 Ke5 70.Rd5+ Ke6 71.Kd3 Rd1+ 72.Ke4 Rh1
73.h5 Rh4+ 74.Kd3 Rh3+ 75.Kd4 Rh4+ 76.Kc3 Rh3+ 77.Kb4 Rg3 78.Rd8 Rh3 79.Rh8 Kd7
80.h6 c5+ 81.bxc6+ Kxc6 82.Rh7 Rh4 83.Kb3 Kc5 84.Rc7+ Kd6 85.Rh7 Kc5 86.Rc7+ Kd6
87.Rb7 Kc6 88.Rh7  1/2-1/2

[Event "22nd ECU Club Cup"]
[Site "Feugen AUT"]
[Date "2006.10.09"]
[Round "2"]
[White "Andersson,U"]
[Black "Nisipeanu,LD"]
[Result "1/2-1/2"]
[WhiteElo "2542"]
[BlackElo "2690"]

1.Nf3 d5 2.d4 Nf6 3.c4 e6 4.Nc3 dxc4 5.e3 a6 6.a4 b6 7.Bxc4 Bb7 8.O-O Nbd7
9.Qe2 Bb4 10.Rd1 O-O 11.Na2 Bd6 12.Nc3 c5 13.d5 exd5 14.Nxd5 Ne5 15.Nxe5 Bxe5
16.e4 Nxd5 17.Bxd5 Qc7 18.g3 Bd4 19.Be3 Bxd5 20.exd5 Rfe8 21.Ra3 Qd6 22.Qd2 Re4
23.a5 bxa5 24.Rd3 Bxe3 25.Rxe3 Rd4 26.Rd3 Rb4 27.Qe2 g6 28.R1d2 a4 29.Kg2 Kg7
30.h4 h5 31.Qe3 Rab8 32.Rc2 R8b5 33.Rdd2 Rb3 34.Qe8 Rb6 35.Qxa4 R3b4  1/2-1/2

[Event "Open"]
[Site "Granada ESP"]
[Date "2006.12.07"]
[Round "3"]
[White "Andersson,U"]
[Black "Jerez Perez,A"]
[Result "1/2-1/2"]
[WhiteElo "2542"]
[BlackElo "2408"]

1.Nf3 Nf6 2.c4 g6 3.Nc3 d5 4.cxd5 Nxd5 5.e4 Nxc3 6.dxc3 Qxd1+ 7.Kxd1 f6 8.Be3 e5
9.Bc4 Nd7 10.Be6 Nc5 11.Bxc8 Rxc8 12.Nd2 Na4 13.Kc2 Bc5 14.Bxc5 Nxc5 15.b4 Ne6
16.Nc4 Ke7 17.Rhd1 Rhd8 18.Na5 Rxd1 19.Rxd1 Nd8 20.Nc4 Ne6 21.Ne3 c6 22.f3 Rd8
23.Rxd8 Kxd8 24.a4 a6 25.Kd2 Ke7 26.a5 Kd7 27.Kd3 h5 28.h4 Kd6 29.Nc4+ Kd7
30.Ne3 Kd6 31.Nc4+ Kd7 32.Ne3  1/2-1/2

[Event "Open"]
[Site "Granada ESP"]
[Date "2006.12.07"]
[Round "4"]
[White "Cruz Ravina,F"]
[Black "Andersson,U"]
[Result "0-1"]
[WhiteElo "2285"]
[BlackElo "2542"]

1.e4 c5 2.Nf3 e6 3.d3 Nc6 4.g3 g6 5.Bg2 Bg7 6.O-O Nge7 7.c3 e5 8.Be3 d6 9.Na3 O-O
10.Nh4 Be6 11.Qd2 Qd7 12.Nc2 Rad8 13.b3 b6 14.d4 cxd4 15.cxd4 d5 16.Rad1 exd4
17.Bh6 dxe4 18.Bxg7 Kxg7 19.Bxe4 Bg4 20.Bf3 h6 21.Bxg4 Qxg4 22.f4 Nf5 23.Nxf5+ Qxf5
24.Nb4 Nxb4 25.Qxb4 Qc5 26.Qxc5 bxc5 27.Rc1 Rd5 28.Rc2 Re8 29.Kf2 g5 30.Rfc1 d3
31.Rd2 gxf4 32.gxf4 Re4 33.Kf3 Red4 34.Ke3 f5 35.Rc4 Rxc4 36.bxc4 Rd4 37.Rg2+ Kf6
38.Kd2 Rxc4 39.Kxd3 Rxf4 40.Kc3 Ra4 41.Kb3 Rb4+ 42.Kc3 Ra4 43.Kb3 Re4 44.Rc2 c4+
45.Kb4 f4 46.a4 f3 47.Rf2 Rf4  0-1

[Event "Open"]
[Site "Granada ESP"]
[Date "2006.12.08"]
[Round "5"]
[White "Andersson,U"]
[Black "Mateo,Ra"]
[Result "1/2-1/2"]
[WhiteElo "2542"]
[BlackElo "2415"]

1.d4 Nf6 2.c4 e6 3.Nf3 Bb4+ 4.Bd2 Qe7 5.e3 b6 6.Be2 Bb7 7.O-O Bxd2 8.Nfxd2 O-O
9.Nc3 d5 10.cxd5 exd5 11.Rc1 c6 12.Re1 Nbd7 13.Bf3 Qb4 14.Qb3 a5 15.a3 Qxb3
16.Nxb3 Rfe8 17.Rc2 Ba6 18.Be2 Bxe2 19.Nxe2 a4 20.Nbc1 c5 21.Nd3 Ra5 22.Rd1 c4
23.Nb4 Re6 24.Nc3 Nb8 25.Nca2 Nbd7 26.Nc3 Nb8 27.Nca2 Nbd7 28.Nc3 Nb8  1/2-1/2

[Event "Open"]
[Site "Granada ESP"]
[Date "2006.12.10"]
[Round "9"]
[White "Djuric,S"]
[Black "Andersson,U"]
[Result "1/2-1/2"]
[WhiteElo "2468"]
[BlackElo "2542"]

1.e4 c5 2.Nf3 d6 3.Nc3 a6 4.g3 Nc6 5.Bg2 Nf6 6.O-O e6 7.d4 cxd4 8.Nxd4 Bd7
9.b3 Be7 10.Bb2 O-O  1/2-1/2

[Event "Weihnachtsopen Masters"]
[Site "Zurich SUI"]
[Date "2006.12.26"]
[Round "1"]
[White "Andersson,U"]
[Black "Jovanovic,Slad"]
[Result "1-0"]
[WhiteElo "2542"]
[BlackElo "2156"]

1.d4 d5 2.Nf3 Nf6 3.c4 c6 4.cxd5 cxd5 5.Nc3 g6 6.Bf4 a6 7.e3 Bg7 8.h3 O-O
9.Bd3 Nc6 10.O-O Bf5 11.Bxf5 gxf5 12.Ne5 Rc8 13.Rc1 e6 14.Qe2 Ne7 15.Rc2 Ng6
16.Bg5 h6 17.Bxf6 Bxf6 18.Nf3 Qa5 19.Rfc1 Rc6 20.b3 Rfc8 21.Na4 Rxc2 22.Rxc2 Rxc2
23.Qxc2 Ne7 24.Qc5 Nc6 25.Qxa5 Nxa5 26.Ne1 Be7 27.Nd3 Kf8 28.Nac5 Bxc5 29.Nxc5 Ke7
30.Kh2 f4 31.exf4 b6 32.Nxa6 Nc6 33.g4 Nxd4 34.Nb4 Ne2 35.Nd3 f6 36.h4 Kd6
37.g5 hxg5 38.fxg5 fxg5 39.hxg5 Nc3 40.a4 Ne4 41.f4 Nc3 42.Kg3 d4 43.Kf3 Ke7
44.Ne5 Nb1 45.Nc4 Kf7 46.Ke4 Kg6 47.Kxd4 Kf5 48.Ke3  1-0

[Event "Weihnachtsopen Masters"]
[Site "Zurich SUI"]
[Date "2006.12.27"]
[Round "3"]
[White "Andersson,U"]
[Black "Hess,C1"]
[Result "1/2-1/2"]
[WhiteElo "2542"]
[BlackElo "2306"]

1.Nf3 d5 2.d4 Nf6 3.c4 c6 4.cxd5 cxd5 5.Nc3 Nc6 6.Bf4 Bf5 7.e3 e6 8.Qb3 Bb4
9.Bb5 O-O 10.O-O Qe7 11.Bxc6 bxc6 12.a3 Bxc3 13.Qxc3 Ne4 14.Qb3 c5 15.dxc5 a5
16.Qb6 Qxc5 17.Qxc5 Nxc5 18.Bd6 Nb3 19.Bxf8 Nxa1 20.Bxg7 Kxg7 21.Rxa1 Rb8
22.b4 axb4 23.axb4 Rxb4 24.h3 Rb1+ 25.Rxb1 Bxb1 26.Nd2 Bd3 27.f4 f6 28.Kf2 Kf7
29.Nf3 Be4 30.g4 Bxf3 31.Kxf3 Kg6 32.Ke2 h5 33.Kd3 hxg4 34.hxg4 e5 35.Kc3 f5
36.g5 d4+  1/2-1/2

[Event "Weihnachtsopen Masters"]
[Site "Zurich SUI"]
[Date "2006.12.30"]
[Round "7"]
[White "Kamber,B"]
[Black "Andersson,U"]
[Result "0-1"]
[WhiteElo "2325"]
[BlackElo "2542"]

1.e4 e6 2.d4 d5 3.Nd2 c5 4.exd5 Qxd5 5.Ngf3 cxd4 6.Bc4 Qd6 7.O-O Nf6 8.Nb3 Nc6
9.Nbxd4 Nxd4 10.Qxd4 Qxd4 11.Nxd4 a6 12.Re1 Bd7 13.Bd2 Bc5 14.Nb3 Bb6 15.Ba5 Bxa5
16.Nxa5 b6 17.Nb3 Ke7 18.Nd4 g6 19.Rac1 Rhd8 20.g3 b5 21.Bf1 Rac8 22.a4 bxa4
23.Bxa6 Rb8 24.b3 Be8 25.Rcd1 Rb6 26.Bc4 Rbd6 27.c3 Rc8 28.Rc1 Rb6 29.f3 Bd7
30.Kf2 Ne8 31.Bf1 axb3 32.c4 Rb4 33.Rb1 Ba4 34.Ke3 Nd6 35.Kd2 Nxc4+ 36.Kc3 Rb7
37.Bxc4 Rbc7 38.Nxb3 Rxc4+ 39.Kb2 Rc2+ 40.Ka3 Bxb3  0-1

[Event "Hilton Open"]
[Site "Basel SUI"]
[Date "2007.01.01"]
[Round "1"]
[White "Andersson,U"]
[Black "Lurje,P"]
[Result "1-0"]
[WhiteElo "2541"]
[BlackElo "2169"]

1.d4 Nf6 2.c4 g6 3.Nf3 Bg7 4.g3 d6 5.Bg2 O-O 6.O-O Nbd7 7.Nc3 e5 8.e4 c6
9.Rb1 Re8 10.Re1 a6 11.h3 exd4 12.Nxd4 Ne5 13.b3 c5 14.Nc2 b5 15.f4 bxc4
16.fxe5 cxb3 17.exf6 bxc2 18.Qxc2 Qxf6 19.Nd5 Qd8 20.Bb2 Ra7 21.Bxg7 Kxg7
22.Qc3+ f6 23.Rb8 Rf7 24.Rd1  1-0

[Event "Hilton Open"]
[Site "Basel SUI"]
[Date "2007.01.02"]
[Round "2"]
[White "Buss,Ra"]
[Black "Andersson,U"]
[Result "1/2-1/2"]
[WhiteElo "2338"]
[BlackElo "2541"]

1.Nf3 Nf6 2.c4 c5 3.Nc3 g6 4.e4 Nc6 5.d4 cxd4 6.Nxd4 d6 7.Be2 Nxd4 8.Qxd4 Bg7
9.Bg5 h6 10.Be3 O-O 11.Qd2 Kh7 12.Rc1 Be6 13.b3  1/2-1/2

[Event "Hilton Open"]
[Site "Basel SUI"]
[Date "2007.01.03"]
[Round "3"]
[White "Andersson,U"]
[Black "Kelecevic,N"]
[Result "1/2-1/2"]
[WhiteElo "2541"]
[BlackElo "2363"]

1.Nf3 Nf6 2.c4 e6 3.d4 d5 4.cxd5 exd5 5.Nc3 c6 6.Qc2 Be7 7.Bg5 g6 8.e3 Bf5
9.Bd3 Bxd3 10.Qxd3 Nbd7 11.Bh6 Bf8 12.Bxf8 Kxf8 13.b4 a6 14.O-O Qe7 15.Qc2 Kg7
16.Na4 Ne4 17.Nc5 Nd6 18.Qc3 Rhe8 19.a4 Nf6 20.Nd2 Nfe4 21.Ndxe4 Nxe4 22.Nxe4 Qxe4
23.Qc5 h5 24.Rae1 Qe7 25.Qxe7 Rxe7 26.Rc1 Re6 27.Rc5 Kf8 28.g3 Ke7 29.Rfc1 Kd7
30.b5 axb5 31.axb5 Ra2 32.bxc6+ bxc6 33.h3 Rf6 34.R5c2 Rxc2 35.Rxc2 Kc7 36.Ra2 Kb7
37.Kg2 Re6 38.Ra3 Re8 39.Kf3 f6 40.Ra1 Rh8 41.Kf4 Re8 42.f3 g5+ 43.Kf5 Rxe3
44.Rf1 c5 45.dxc5 d4 46.Kxf6 g4 47.hxg4 hxg4 48.fxg4 Rxg3 49.Kf5 Kc6 50.Kf4 Re3
51.Rc1 Rc3 52.Rg1 d3 53.g5 d2 54.Rd1 Rd3 55.g6 Rd8 56.Ke5 Re8+ 57.Kf5 Re2
58.g7 Rg2 59.Kf6 Rf2+ 60.Ke7 Rg2 61.Kf7  1/2-1/2

[Event "Hilton Open"]
[Site "Basel SUI"]
[Date "2007.01.04"]
[Round "4"]
[White "Zozulia,A"]
[Black "Andersson,U"]
[Result "0-1"]
[WhiteElo "2350"]
[BlackElo "2541"]

1.e4 e6 2.d4 d5 3.Nd2 c5 4.exd5 Qxd5 5.Ngf3 cxd4 6.Bc4 Qd6 7.O-O Nf6 8.Nb3 Nc6
9.Nbxd4 Nxd4 10.Qxd4 Qxd4 11.Nxd4 Bd7 12.Be2 Bc5 13.Nf3 Bd6 14.Be3 Nd5 15.Rfd1 Ke7
16.Bd4 f6 17.Bf1 Rhd8 18.c4 Nb4 19.Bc3 Nc6 20.Nd4 Nxd4 21.Rxd4 a5 22.Rad1 Bc5
23.R4d3 b6 24.Bd4 Bxd4 25.Rxd4 e5 26.R4d2 Be6 27.f3 Rxd2 28.Rxd2 Rd8 29.Rxd8 Kxd8
30.Kf2 Kc7 31.Ke3 b5 32.cxb5 Bxa2 33.Bd3 h6 34.f4 exf4+ 35.Kxf4 Be6 36.h4 g5+
37.hxg5 hxg5+ 38.Ke4 Kb6 39.Be2 Kc5 40.g4 Bd7 41.Bd1 Kxb5 42.Kd5 f5 43.Kd6 Bc8
44.gxf5 Bxf5 45.Ke5 Bd7 46.Kd4 Kb4 47.Kd3 g4 48.Kd2 g3 49.Bf3 Kb3 50.Kc1 Kc4
51.Kd2 Bh3 52.Kc2 Bf5+ 53.Kd2 Be6 54.Ke3 Bd5 55.Bd1 g2 56.Kf2 Kd3 57.Ba4 Kd2
58.b3 Kc3 59.Kg1 Kb4 60.Kf2 Bxb3 61.Bc6 Kc5 62.Bxg2 a4 63.Be4 Kd4 64.Ke2 a3  0-1

[Event "Hilton Open"]
[Site "Basel SUI"]
[Date "2007.01.05"]
[Round "5"]
[White "Andersson,U"]
[Black "Milosevic,Go"]
[Result "1/2-1/2"]
[WhiteElo "2541"]
[BlackElo "2401"]

1.Nf3 Nf6 2.c4 e6 3.d4 Bb4+ 4.Bd2 c5 5.a3 Bxd2+ 6.Qxd2 b6 7.Nc3 Bb7 8.d5 exd5
9.cxd5 d6 10.e4 O-O 11.Bd3 a6 12.a4 Re8 13.O-O Nbd7 14.Rfe1 Nf8 15.Rab1 Ng6
16.Bf1 Bc8 17.g3 Ra7 18.b4 Rae7 19.bxc5 bxc5  1/2-1/2

[Event "Hilton Open"]
[Site "Basel SUI"]
[Date "2007.01.07"]
[Round "7"]
[White "Andersson,U"]
[Black "Filipovic,Br"]
[Result "1/2-1/2"]
[WhiteElo "2541"]
[BlackElo "2406"]

1.Nf3 b6 2.g3 Bb7 3.Bg2 g6 4.d4 Bg7 5.c4 Nf6 6.O-O O-O 7.Nc3 Ne4 8.Nxe4 Bxe4
9.Be3 d5 10.Rc1 dxc4 11.Rxc4 c6 12.b3 a5 13.Qd2 Na6 14.Bh6 Bd5 15.Bxg7 Kxg7
16.Rcc1 f6 17.Rfd1 Qd7 18.Ne1 Bxg2 19.Nxg2 c5 20.dxc5 Qxd2 21.Rxd2 Nxc5 22.Ne3 Rfd8
23.Rxd8 Rxd8 24.Nc4 Rb8 25.Nxa5 Ra8 26.b4 Ne6 27.Nc6 Rxa2 28.Nxe7 Rxe2 29.Nd5 b5
30.Ra1 g5 31.h3 f5 32.Ra7+ Kg6 33.Ra6 Kf7 34.Ra7+ Kg6 35.Ra6 Kf7  1/2-1/2

[Event "8th ch-Euro"]
[Site "Dresden GER"]
[Date "2007.04.03"]
[Round "1"]
[White "Andersson,U"]
[Black "Bruned,B"]
[Result "1/2-1/2"]
[WhiteElo "2541"]
[BlackElo "2211"]

1.Nf3 Nf6 2.c4 e6 3.g3 d5 4.Bg2 Be7 5.O-O O-O 6.d4 dxc4 7.Qc2 a6 8.Qxc4 b5
9.Qc2 Bb7 10.Bf4 Nc6 11.Rd1 Nb4 12.Qc1 Rc8 13.Nc3 Qe8 14.a3 Nfd5 15.Nxd5 Nxd5
16.b4 a5 17.bxa5 c5 18.dxc5 Rxc5 19.Qd2 Qa8 20.Be5 Rfc8 21.Ne1 Bd8 22.Qb2 Bxa5
23.Bxg7 Nc3 24.Bh6 Rh5 25.Bxb7 Qxb7 26.Be3 Nxd1 27.Rxd1 Bxe1 28.Rxe1 Qe4  1/2-1/2

[Event "8th ch-Euro"]
[Site "Dresden GER"]
[Date "2007.04.05"]
[Round "3"]
[White "Andersson,U"]
[Black "Postny,E"]
[Result "1/2-1/2"]
[WhiteElo "2541"]
[BlackElo "2616"]

1.d4 d5 2.c4 dxc4 3.e3 e5 4.Bxc4 exd4 5.exd4 Nf6 6.Nf3 Be7 7.O-O O-O 8.h3 Nbd7
9.Nc3 Nb6 10.Bb3 c6 11.Bg5 Nfd5 12.Bxe7 Nxe7 13.Re1 Ned5 14.Qd2 h6  1/2-1/2

[Event "5th Rapid"]
[Site "Brussels BEL"]
[Date "2007.05.05"]
[Round "6"]
[White "Andersson,U"]
[Black "Wantiez,F"]
[Result "1-0"]
[WhiteElo "2528"]
[BlackElo "2294"]

1.d4 Nf6 2.c4 g6 3.Nc3 d5 4.Nf3 Bg7 5.Bf4 O-O 6.e3 c5 7.dxc5 Qa5 8.Rc1 dxc4
9.Bxc4 Qxc5 10.Bb3 Nc6 11.O-O Qh5 12.h3 h6 13.Bg3 g5 14.Ne5 Nxe5 15.Bxe5 g4
16.Bxf6 exf6 17.Nd5 Qg5 18.Rxc8 Raxc8 19.Ne7+ Kh8 20.Nxc8 gxh3 21.g3 Rxc8
22.Qd7 Rb8 23.Qxh3 f5 24.Rd1 Qg4 25.Qxg4 fxg4 26.Bxf7 Bxb2 27.Rd7 a5 28.Bh5 b5
29.Bxg4 b4 30.Ra7 Bc3 31.Bf5 b3 32.axb3 Rxb3  1-0

[Event "5th Rapid"]
[Site "Brussels BEL"]
[Date "2007.05.06"]
[Round "8"]
[White "Andersson,U"]
[Black "Polaczek,R"]
[Result "1/2-1/2"]
[WhiteElo "2528"]
[BlackElo "2423"]

1.d4 Nf6 2.c4 e6 3.Nf3 b6 4.g3 Ba6 5.Qa4 c5 6.Bg2 Bb7 7.O-O cxd4 8.Nxd4 Bxg2
9.Kxg2 Qc8 10.Rd1 Be7 11.Qb3 O-O 12.Qf3 Nc6 13.Nxc6 Qxc6 14.Qxc6 dxc6 15.Nc3 Rfd8
16.Bf4 Kf8 17.Kf3 Ke8 18.g4 Bb4 19.Ne4 Nxe4 20.Kxe4 Rxd1 21.Rxd1 Rd8 22.Rd3 Rxd3
23.exd3 Kd7 24.Be3 f6 25.f4 g6 26.f5 exf5+ 27.gxf5 g5 28.b3 h5 29.Bd4 Be7
30.h3 Bd8 31.Bc3 Be7 32.a4 a6 33.b4 Bd8 34.d4 Be7 35.d5 Bd8 36.Bd4 Be7 37.dxc6+ Kxc6
38.b5+ axb5 39.axb5+ Kc7 40.Kd5 Bd8 41.c5 bxc5 42.Kxc5 Be7+ 43.Kd5 Bd8 44.Ke6 Kc8  1/2-1/2

[Event "King's Tournament"]
[Site "Bazna ROM"]
[Date "2007.06.16"]
[Round "1"]
[White "Andersson,U"]
[Black "Suba,M"]
[Result "1/2-1/2"]
[WhiteElo "2528"]
[BlackElo "2537"]

1.Nf3 Nf6 2.c4 c5 3.Nc3 e6 4.g3 b6 5.Bg2 Bb7 6.O-O d6 7.d4 cxd4 8.Qxd4 a6
9.Rd1 Be7 10.b3 Nbd7 11.Bb2 O-O 12.Ne1 Qb8 13.Ne4 Rd8  1/2-1/2

[Event "King's Tournament"]
[Site "Bazna ROM"]
[Date "2007.06.19"]
[Round "4"]
[White "Andersson,U"]
[Black "Sokolov,And1"]
[Result "1/2-1/2"]
[WhiteElo "2528"]
[BlackElo "2584"]

1.d4 Nf6 2.c4 e6 3.Nf3 b6 4.g3 Ba6 5.Qa4 Bb7 6.Bg2 c5 7.O-O cxd4 8.Nxd4 Bxg2
9.Kxg2 Qc8 10.Rd1 Be7 11.Qb3 Nc6 12.Nxc6 Qxc6+ 13.Qf3 Rc8 14.Qxc6 Rxc6 15.Nd2 O-O
16.b3 d5 17.Bb2 Rfc8 18.Rac1 Kf8 19.Kf3 Bb4 20.cxd5 Rxc1 21.Rxc1 Rxc1 22.Bxc1 Nxd5
23.Nc4 b5 24.Ne5 Nc3 25.a3  1/2-1/2

[Event "King's Tournament"]
[Site "Bazna ROM"]
[Date "2007.06.20"]
[Round "5"]
[White "Beliavsky,A"]
[Black "Andersson,U"]
[Result "1/2-1/2"]
[WhiteElo "2648"]
[BlackElo "2528"]

1.c4 c5 2.Nf3 g6 3.d4 cxd4 4.Nxd4 Nc6 5.e4 Nf6 6.Nc3 d6 7.Be2 Nxd4 8.Qxd4 Bg7
9.Bg5 O-O 10.Qe3 Be6 11.O-O Qb6 12.Qxb6 axb6 13.a4 Rfc8 14.e5 Nd7 15.exd6 exd6
16.Rfd1 Ne5 17.Rxd6 Nxc4 18.Bxc4 Rxc4 19.Rxb6 Bxc3 20.bxc3 Rcxa4 21.Rxa4 Rxa4
22.h3 Rc4 23.Bf6 Rc7 24.g4 h6 25.Rb5 g5 26.Kg2 Kh7 27.Be5 Rd7 28.Bd4 Kg6
29.Kg3 h5 30.f3 hxg4 31.hxg4 Bd5 32.Ra5 f6 33.Ra8  1/2-1/2

[Event "King's Tournament"]
[Site "Bazna ROM"]
[Date "2007.06.21"]
[Round "6"]
[White "Andersson,U"]
[Black "Vaganian,R"]
[Result "1/2-1/2"]
[WhiteElo "2528"]
[BlackElo "2590"]

1.d4 d5 2.Nf3 Nf6 3.c4 e6 4.Nc3 Be7 5.Bg5 h6 6.Bh4 O-O 7.e3 b6 8.Rc1 Bb7
9.cxd5 Nxd5 10.Bxe7 Qxe7 11.Be2 c5 12.dxc5 Rd8 13.Nxd5 Bxd5 14.Qc2 Rc8  1/2-1/2

[Event "King's Tournament"]
[Site "Bazna ROM"]
[Date "2007.06.22"]
[Round "7"]
[White "Portisch,L"]
[Black "Andersson,U"]
[Result "1/2-1/2"]
[WhiteElo "2512"]
[BlackElo "2528"]

1.c4 c5 2.Nf3 g6 3.e4 Nc6 4.d4 cxd4 5.Nxd4 Nf6 6.Nc3 d6 7.Nc2 Bg7 8.Be2 O-O
9.O-O b6 10.Be3 Bb7 11.Qd2 Rc8 12.f3 Ne5 13.Na3 Re8 14.Rfd1 Qc7 15.Rac1 Qb8
16.Bf1 Ba8 17.Nd5 Ned7 18.Nxf6+ Nxf6 19.Nb5 Bc6 20.Nd4 Bb7 21.b4 Nd7 22.Rc2 Red8
23.Rdc1 Ne5 24.Kh1 Bf6 25.Bg5 Nd7 26.Be3 Ne5 27.a3 Ba8 28.Bg5 Nd7 29.Be3 Ne5
30.Bg5 Nd7 31.Be3  1/2-1/2

[Event "King's Tournament"]
[Site "Bazna ROM"]
[Date "2007.06.24"]
[Round "9"]
[White "Mecking,H"]
[Black "Andersson,U"]
[Result "1/2-1/2"]
[WhiteElo "2565"]
[BlackElo "2528"]

1.c4 c5 2.Nf3 g6 3.e4 Nc6 4.d4 cxd4 5.Nxd4 Nf6 6.Nc3 d6 7.Be2 Nxd4 8.Qxd4 Bg7
9.b3 O-O 10.Bb2 Be6 11.Qd2 Qa5 12.Rd1 a6 13.f3 Rfc8 14.Na4 Qxd2+ 15.Rxd2 Nd7
16.Bxg7 Kxg7 17.O-O  1/2-1/2